|
|
|
|
| LEADER |
04198nam a2200613 4500 |
| 001 |
ocn811502430 |
| 003 |
OCoLC |
| 005 |
20180501122002.0 |
| 006 |
m o d |
| 007 |
cr |n|---||||| |
| 008 |
120920s2012 vtu ob 001 0 eng d |
| 040 |
|
|
|a MHW
|b eng
|e pn
|c MHW
|d IDEBK
|d OCLCQ
|d EBLCP
|d YDXCP
|d E7B
|d OCLCF
|d UKDOC
|d OCLCQ
|d CDX
|d MBB
|d UKMGB
|d N$T
|d OPELS
|d DKDLA
|d VT2
|d DEBSZ
|d FHM
|d OCLCQ
|d OCLCO
|d FEM
|d OCLCQ
|d UAB
|d OCLCQ
|d CASUM
|d OCLCO
|d MEU
|d GrThAP
|
| 016 |
7 |
|
|a 016175726
|2 Uk
|
| 019 |
|
|
|a 808215630
|a 808670069
|a 811206299
|a 811391224
|a 858887363
|a 968128367
|a 969049628
|a 1030160496
|
| 020 |
|
|
|a 9780444594549
|
| 020 |
|
|
|a 044459454X
|
| 020 |
|
|
|a 9780444594273
|q (Cloth)
|
| 020 |
|
|
|a 0444594272
|q (Cloth)
|
| 024 |
8 |
|
|a 9786613852991
|
| 035 |
|
|
|a (OCoLC)811502430
|z (OCoLC)808215630
|z (OCoLC)808670069
|z (OCoLC)811206299
|z (OCoLC)811391224
|z (OCoLC)858887363
|z (OCoLC)968128367
|z (OCoLC)969049628
|z (OCoLC)1030160496
|
| 050 |
|
4 |
|a RC547
|
| 060 |
|
4 |
|a WL102
|
| 072 |
|
7 |
|a SOC
|x 002020
|2 bisacsh
|
| 082 |
0 |
4 |
|a 573.8
|a 616.8
|
| 049 |
|
|
|a TEFA
|
| 245 |
0 |
4 |
|a The Neurobiology of Circadian Timing /
|c edited by Andries Kalsbeek, Martha Merrow, Till Roenneberg, Russell G. Foster.
|
| 260 |
|
|
|a Burlington :
|b Elsevier Science,
|c 2012.
|
| 300 |
|
|
|a 1 online resource (496 pages).
|
| 336 |
|
|
|a text
|b txt
|2 rdacontent
|
| 337 |
|
|
|a computer
|b c
|2 rdamedia
|
| 338 |
|
|
|a online resource
|b cr
|2 rdacarrier
|
| 347 |
|
|
|a text file
|2 rda
|
| 490 |
1 |
|
|a Progress in brain research ;
|v 199
|
| 588 |
0 |
|
|a Print version record.
|
| 520 |
|
|
|a The Neurobiology of Circadian Timing.
|
| 504 |
|
|
|a Includes bibliographical references and index.
|
| 505 |
0 |
|
|a How rod, cone, and melanopsin photoreceptors come together to enlighten the mammalian circadian clock -- Melanopsin phototransduction: Slowly emerging from the dark -- Circadian clocks: Lessons from fish -- Two clocks in the brain: An update of the morning and evening oscillator model in Drosophila -- Circadian system from conception till adulthood -- When does it start ticking? Ontogenetic development of the mammalian circadian system -- The circadian output signals from the suprachiasmatic nuclei -- Suprachiasmatic nucleus: Cellular clocks and networks -- Dynamic neuronal network organization of the circadian clock and possible deterioration in disease -- Interaction of central and peripheral clocks in physiological regulation -- Circadian rhythms in white adipose tissue -- Circadian modulation of sleep in rodents -- Local aspects of sleep: Observations from intracerebral recordings in humans -- The circadian clock component PERIOD2: From molecular to cerebral functions -- Generation of mouse mutants as tools in dissecting the molecular clock -- In search of a temporal niche: Social interactions -- In search of a temporal niche: Environmental factors -- Feedback actions of locomotor activity to the circadian clock -- The impact of the circadian timing system on cardiovascular and metabolic function -- Nutrition and the circadian timing system -- Managing neurobehavioral capability when social expediency trumps biological imperatives -- Noisy and individual, but doable: Shift-work research in humans -- The evolutionary physiology of photoperiodism in vertebrates -- A kiss for daily and seasonal reproduction -- Circannual rhythm in the varied carpet beetle, Anthrenus verbasci -- Avian migration: Temporal multitasking and a case study of melatonin cycles in waders.
|
| 546 |
|
|
|a Text in English.
|
| 650 |
|
0 |
|a Neurobiology.
|
| 650 |
|
0 |
|a Circadian rhythms.
|
| 650 |
|
7 |
|a SOCIAL SCIENCE
|x Anthropology
|x Physical.
|2 bisacsh
|
| 650 |
|
7 |
|a Circadian rhythms.
|2 fast
|0 (OCoLC)fst00861558
|
| 650 |
|
7 |
|a Neurobiology.
|2 fast
|0 (OCoLC)fst01036315
|
| 650 |
|
7 |
|a Neurobiologie.
|2 ram
|
| 650 |
|
7 |
|a Rythmes circadiens.
|2 ram
|
| 650 |
2 |
2 |
|a Circadian Rhythm.
|0 (DNLM)D002940
|
| 655 |
|
4 |
|a Electronic books.
|
| 700 |
1 |
|
|a Kalsbeek, A.
|
| 700 |
1 |
|
|a Merrow, Martha.
|
| 700 |
1 |
|
|a Roenneberg, Till.
|
| 700 |
1 |
|
|a Foster, Russell G.
|
| 776 |
0 |
8 |
|i Print version:
|z 9780444594273
|
| 830 |
|
0 |
|a Progress in brain research ;
|v 199.
|
| 856 |
4 |
0 |
|u https://www.sciencedirect.com/science/bookseries/00796123/199
|z Full Text via HEAL-Link
|